000 00928nam a22003137a 4500
003 CHAP
005 20220329134528.0
008 971013s r 00010 d
010 _a21700
011 _a22672
035 _a26767
040 _cCHAP
090 _aFolleto 4173
110 _aAsian Vegetable Research and Development Center. Shanhua, Taiwan
_97952
245 _aWhite potato report, 19 - .
260 _a(Tainan),
_c19 - .
300 _av
500 _aLa biblioteca tiene: 1976
590 _aBATCH-UPD
_b10
_c20130110
_lUCH01
_h1058
590 _aBATCH-UPD
_b10
_c20130410
_lUCH01
_h0652
590 _aBATCH-UPD
_b10
_c20130914
_lUCH01
_h1857
590 _aCONVERSION
_b10
_c20130109
_lUCH01
_h1313
650 1 4 _aPapa.
_985165
650 1 4 _aPapa
_xAsia.
_985172
650 1 4 _aPapa
_xInvestigación.
_985254
901 _aBK
942 _cFOLL
949 _aFolleto 4173
_bBC
_cFOLL
_d-61752
_eTS1
_f1976
_i26767
_mD
_si
999 _c21700
_d21700